Statystyki dla Wydziały AGH

Kliknij tutaj aby rozwiązać quiz!

Ogólne statystyki

  • Ten quiz został rozwiązany 27 razy
  • Średni wynik to 11 z 16

Statystyki odpowiedzi

SkrótPełna nazwa wydziału% Poprawnych
WHWydział Humanistyczny
90%
WFiISWydział Fizyki i Informatyki Stosowanej
80%
WIMiCWydział Inżynierii Materiałowej i Ceramiki
80%
WIMiRWydział Inżynierii Mechanicznej i Robotyki
80%
WMSWydział Matematyki Stosowanej
80%
WZWydział Zarządzania
80%
WOWydział Odlewnictwa
75%
WEiPWydział Energetyki i Paliw
65%
WGGiOŚWydział Geologii, Geofizyki i Ochrony Środowiska
60%
WIEiTWydział Informatyki, Elektroniki i Telekomunikacji
60%
WMNWydział Metali Nieżelaznych
60%
WEAIiIBWydział Elektrotechniki, Automatyki, Informatyki i Inżynierii Biomedycznej
55%
WGGiIŚWydział Geodezji Górniczej i Inżynierii Środowiska
55%
WWNiGWydział Wiertnictwa, Nafty i Gazu
50%
WILiGZWydział Inżynierii Lądowej i Gospodarki Zasobami
45%
WIMiIPWydział Inżynierii Metali i Informatyki Przemysłowej
45%

Rozkład punktacji

Percentyl według liczby udzielonych odpowiedzi

Procent ludzi z każdym wynikiem

Twoja historia wyników

Nie rozwiązałeś tego quizu